| 000 | 01150cam a2200301 a 4500 | ||
|---|---|---|---|
| 999 |
_c532185 _d532185 |
||
| 001 | 3449049 | ||
| 003 | NUST | ||
| 005 | 20191112111909.0 | ||
| 008 | 920318s1992 nyua bf 001 0 eng | ||
| 010 | _a 92012036 | ||
| 020 | _a0070485569 | ||
| 038 | _aMSOHAIL | ||
| 040 |
_aDLC _cDLC _dDLC |
||
| 050 | 0 | 0 |
_aTC160 _b.P34 1992 |
| 082 | 0 | 0 |
_a627 _220 |
| 245 | 0 | 0 |
_aHydraulics field manual / _cRobert O. Parmley, editor-in-chief. |
| 260 |
_aNew York : _bMcGraw-Hill, _c1992. |
||
| 300 |
_axxii, 334 p. : _bill. ; _c21 cm. |
||
| 504 | _aIncludes bibliographical references and index. | ||
| 650 | 0 |
_aHydraulics _xHandbooks, manuals, etc. _925525 |
|
| 650 | 0 |
_aHydraulic engineering _xHandbooks, manuals, etc. _93541 |
|
| 700 | 1 |
_aParmley, Robert O. _925526 |
|
| 856 | 4 | 2 |
_3Publisher description _uhttp://www.loc.gov/catdir/enhancements/fy0602/92012036-d.html |
| 856 | 4 | 1 |
_3Table of contents only _uhttp://www.loc.gov/catdir/enhancements/fy0602/92012036-t.html |
| 906 |
_a7 _bcbc _corignew _d1 _eocip _f19 _gy-gencatlg |
||
| 942 |
_2ddc _cBK |
||